Refakturácia cestovných nákladov z pohľadu DPH v roku 2016

Platiteľ, ktorý dodáva tovar alebo službu v tuzemsku, je povinný platiť daň. Pri prefakturovaní služby, ktorá je predmetom dane z pridanej hodnoty, platiteľ dane uplatňuje k cene dodanej služby príslušnú daň. Praktické príklady.

Gespeichert in:
Bibliographische Detailangaben
1. Verfasser: Válek, Juraj, 1981-
Format: Buchkapitel
Sprache:Slowakisch
Schlagworte:
Tags: Tag hinzufügen
Keine Tags, Fügen Sie das erste Tag hinzu!

MARC

LEADER 00000naa a2200000 4500
001 0215741
005 20240502073610.5
041 0 |a slo 
044 |a SK 
245 1 0 |a Refakturácia cestovných nákladov z pohľadu DPH v roku 2016  |c Juraj Válek 
520 |a Platiteľ, ktorý dodáva tovar alebo službu v tuzemsku, je povinný platiť daň. Pri prefakturovaní služby, ktorá je predmetom dane z pridanej hodnoty, platiteľ dane uplatňuje k cene dodanej služby príslušnú daň. Praktické príklady. 
610 2 0 |a dane 
610 2 0 |a dane z hodnoty pridanej 
610 2 0 |a cesty pracovné 
610 2 0 |a náklady 
610 2 0 |a fakturovanie 
100 1 |a Válek, Juraj, 1981-